Asian Countries - Sudden Death - Statistics

General Stats
  • This quiz has been taken 1,658 times
  • The average score is 19 of 25
Answers on the Grid
Answers color-coded by a green-red scale on the quiz's grid according to % correct below.
Turkey
Bhutan
Venezuela
Palau
Lebanon
Rakhine
Fiji
Brunei
Kerala
Singapore
Hainan
Turkmenistan
Manchuria
Armenia
Sapporo
East Timor
Balochistan
Georgia
Turkestan
Siberia
Sri Lanka
Tonga
Jordan
Johor
Kuwait
Kyrgyzstan
Arakan
Meghalaya
Bahrain
Tuva
Yemen
Azerbaijan
Albania
Pathan
Malaysia
Bougainville
Kurdistan
Myanmar
Kazakhstan
Okinawa
Qatar
China
Aden
Kashmir
India
Nagasaki
Mongolia
Nepal
Bulgaria
Uzbekistan
 
Answer Stats
Answer % Correct
Bhutan
89%
Turkey
88%
Singapore
85%
Lebanon
81%
Turkmenistan
79%
Sri Lanka
78%
Brunei
77%
Azerbaijan
76%
Kyrgyzstan
76%
East Timor
75%
Yemen
75%
Armenia
74%
China
74%
Kuwait
74%
Malaysia
74%
Mongolia
74%
Georgia
73%
India
73%
Jordan
73%
Nepal
73%
Qatar
73%
Uzbekistan
72%
Kazakhstan
71%
Myanmar
71%
Bahrain
70%
No matching quizzes found
Score Distribution
Percent of People with Each Score
Percentile by Number Answered
Your Score History
You have not taken this quiz